The Beatles- Now And Then (All Lyrics) - Statistics

General Stats
  • This quiz has been taken 260 times
  • The average score is 110 of 130
Answer Stats
Lyrics % Correct
And
100%
and
100%
I
100%
now
99%
Now
99%
then
99%
you
99%
be
95%
all
93%
it
93%
it's
93%
It's
93%
of
93%
because
90%
know
89%
if
88%
If
88%
me
87%
true
87%
miss
86%
for
84%
to
84%
there
81%
we
79%
love
78%
make
77%
Oh,
77%
(Ooh)
77%
want
77%
again
75%
start
74%
through
74%
must
65%
will
65%
three)
64%
two,
64%
(One,
63%
sure
62%
That
62%
Always
60%
go
56%
one)
56%
return
54%
away
51%
stay
49%
never
48%
you'll
48%
Well,
42%
(Good
18%
(Ah)
15%
No matching quizzes found
Score Distribution
Percent of People with Each Score
Percentile by Number Answered
Your Score History
You have not taken this quiz